Formal Wars of the United States - Statistics

General Stats
  • This quiz has been taken 25 times
  • The average score is 4 of 5
Answer Stats
Opposition Conflict % Correct
United Kingdom War of 1812
93%
Germany, Austria-Hungary World War One
93%
Japan, Germany, Italy, Bulgaria, Hungary, Romania World War Two
93%
Mexico Mexican-American War
87%
Spain Spanish-American War
80%
No matching quizzes found
Score Distribution
Percent of People with Each Score
Percentile by Number Answered
Your Score History
You have not taken this quiz